00837nam a2200265Ia 4500003000900000008004100009020001800050040001600068080001500084100002700099245006200126260003300188300001600221650004100237650002600278650002500304650002500329650001800354700002600372700002600398700002700424942000700451999001500458952009800473IN-BaIIA211028s9999 xx 000 0 eng d a0-08-017783-2 cIIA Library a533bAKH-1 aAkhiezer, A. I.910598 0aPlasma electrodynamicsbvol. 1cA. I. Akhiezer..[et al.]  aOxfordbPergamon Pressc1975 axvii, 414p. aAstronomy and astrophysics thesaurus aElectrodynamics92319 aLinear theory910599 aPlasma physics93732 aPlasmas91898 aPolovin, R. V.910600 aSitenko, A. G.910601 aStepanov, K. N.910602 cBK c6132d6132 00104070aBANbBANcGENd1979-02-16l0o533/ AKH-1p6844r2021-11-05w1979-02-16yBK 27.50